Statistiken für Städte in der Pokémon Einall-Region auf einer Karte

Klicken Sie hier um das Quiz zu spielen!

Allgemein

  • Dieses Quiz wurde 254 mal gespielt
    (250 seit der letzten Aktualisierung)
  • Das Durchschnittsergebnis liegt bei 11 aus 19

Antworten auf der Karte

Die Antworten werden auf der Karte rot bzw. grün angezeigt, abhängig davon wie oft sie richtig erraten wurden.
 

Antwortstatistiken

Antwort% Korrekt
Stratos City
81%
Avenitia
78%
Pokémon Liga
71%
Rayono City
68%
Twindrake City
63%
Schwarze Stadt/Weißer Wald
61%
Marea City
60%
Panaero City
60%
Septerna City
60%
Orion City
55%
Dausing
53%
Gavina
53%
Nevaio City
53%
Vapydro City
53%
Ondula
51%
Eventura City
50%
Monsentiero
47%
Abidaya City
44%
Tessera
37%

Verteilung der Resultate

Perzentil nach korrekt beantworteten Fragen

Anzahl Personen mit jedem Resultat

Ihre Resultats-Entwicklung

Sie haben dieses Quiz seit der letzten Aktualisierung nicht gespielt